|
|
|
|
| LEADER |
00929nam a2200229 a 4500 |
| 001 |
GR-MES1243 |
| 008 |
991111s1989 gr 000 0 gre d |
| 020 |
|
|
|a 9282590836
|
| 040 |
|
|
|a GrPaTEI
|b gre
|c GR-PaULI
|
| 245 |
0 |
0 |
|a Κατάσταση της γεωργίας στην κοινότητα :
|b Εκθεση 1988.
|
| 260 |
|
|
|a Βρυξέλλες :
|b ΕΟΚ,
|c 1989
|
| 300 |
|
|
|a 245σελ. :
|b διαγρ.
|
| 650 |
|
4 |
|a Γεωργία
|
| 650 |
|
4 |
|a ΕΥΡΩΠΑΙΚΗ ΚΟΙΝΟΤΗΤΑ
|
| 650 |
|
4 |
|a ΧΡΗΜΑΤΟΔΟΤΗΣΗ
|
| 650 |
1 |
0 |
|a 1988
|
| 710 |
0 |
|
|a ΕΟΚ
|
| 710 |
2 |
|
|a Επιτροπη Ευρωπαικών κοινοτήτων
|
| 942 |
|
|
|2 ddc
|
| 952 |
|
|
|0 0
|1 0
|2 ddc
|4 0
|6 338_009000000000000_4_ΕΕΚ
|7 0
|9 265242
|a MSLG
|b MSLG
|c BSC
|d 2021-01-17
|e 24
|f 0
|g 0.00
|l 0
|o 338.009 4 ΕΕΚ
|p 2420000002122
|r 2021-01-17 00:00:00
|t 1
|w 2021-01-17
|y BK15
|x 19991111 0 1
|x GrPaTEI
|
| 971 |
|
|
|a .b25722852
|b 16-04-20
|c 13-09-16
|
| 999 |
|
|
|c 152506
|d 152506
|